00421nam a2200169Ia 4500003000400000005001700004008004100021020001300062040000700075041000800082082001300090100002300103245006000126260003700186300001500223365001300238OSt20230504141728.0210423s2005 xx 000 0 und d a70586152 cAL aeng a576 ALCI aALCAMO (I Edward). aSchaums outline of theory and problems of microbiology. aNew DelhibTata McGrawhillc2005 aiv,409bPB b225cINR